[Event "UAE President Cup 13th"]
[Site "Dubai"]
[Date "2007.01.24"]
[Round "6"]
[White "Mohamed, Eissa"]
[Black "Saeed, Hythim"]
[Result "1/2-1/2"]
[WhiteElo "1850"]
[BlackElo "2043"]
[PlyCount "48"]
[EventDate "2007.01.18"]
[EventType "swiss"]
[EventRounds "9"]
[EventCountry "UAE"]
[SourceTitle "EXT 2018"]
[Source "ChessBase"]
[SourceDate "2017.10.13"]
[SourceVersion "1"]
[SourceVersionDate "2017.10.13"]
[SourceQuality "1"]

1. e4 c6 2. d4 d5 3. exd5 cxd5 4. Bd3 Nc6 5. c3 Nf6 6. Bf4 g6 7. h3 Bf5 8. Bxf5 gxf5 9. Qd3 e6 10. Nd2 Bd6 11. Bxd6 Qxd6 12. 0-0-0 0-0-0 13. Ngf3 Ne4 14. Qe2 Kb8 15. Ne1 Rc8 16. Kb1 Na5 17. Nd3 Qb6 18. Ka1 Qa6 19. Nxe4 fxe4 20. Nf4 Qxe2 21. Nxe2 Rhg8 22. Nf4 Nc4 23. b3 Nd6 24. Kb2 Nf5 1/2-1/2